The Muslim situation in India / (Record no. 20406)

MARC details
000 -LEADER
fixed length control field 01086cam a2200313 a 4500
001 - CONTROL NUMBER
control field 4357675
003 - CONTROL NUMBER IDENTIFIER
control field BDDh-ASL
005 - DATE AND TIME OF LATEST TRANSACTION
control field 20231015025902.0
008 - FIXED-LENGTH DATA ELEMENTS--GENERAL INFORMATION
fixed length control field 890630s1989 ii b 101 0 eng
010 ## - LIBRARY OF CONGRESS CONTROL NUMBER
LC control number 89902373
020 ## - INTERNATIONAL STANDARD BOOK NUMBER
Terms of availability Rs200.00
025 ## - OVERSEAS ACQUISITION NUMBER
Overseas acquisition number I E 59742
040 ## - CATALOGING SOURCE
Original cataloging agency DLC
Transcribing agency DLC
Modifying agency DLC
-- BDDh-ASL
043 ## - GEOGRAPHIC AREA CODE
Geographic area code a-ii---
050 00 - LIBRARY OF CONGRESS CALL NUMBER
Classification number DS432.M84
Item number M873 1989
082 00 - DEWEY DECIMAL CLASSIFICATION NUMBER
Classification number 297.0925
Edition number 20
Item number MUS
245 04 - TITLE STATEMENT
Title The Muslim situation in India /
Statement of responsibility, etc. edited by Iqbal A. Ansari.
260 ## - PUBLICATION, DISTRIBUTION, ETC.
Place of publication, distribution, etc. Dhaka :
Name of publisher, distributor, etc. Academic Publishers,
Date of publication, distribution, etc. c1989.
300 ## - PHYSICAL DESCRIPTION
Extent xii, 253 p. ;
Dimensions 22 cm.
500 ## - GENERAL NOTE
General note Papers and proceedings of a seminar organized by the Institute of Objective Studies, New Delhi, July 1987.
504 ## - BIBLIOGRAPHY, ETC. NOTE
Bibliography, etc. note Includes bibliographies and index.
650 #0 - SUBJECT ADDED ENTRY--TOPICAL TERM
Topical term or geographic name entry element Muslims
Geographic subdivision India
General subdivision Congresses.
651 #0 - SUBJECT ADDED ENTRY--GEOGRAPHIC NAME
Geographic name India
General subdivision Ethnic relations
-- Congresses.
700 1# - ADDED ENTRY--PERSONAL NAME
Personal name Ansari, Iqbal A.
Fuller form of name (Iqbal Ahmad),
Dates associated with a name 1935-
710 2# - ADDED ENTRY--CORPORATE NAME
Corporate name or jurisdiction name as entry element Institute of Objective Studies (New Delhi, India)
906 ## - LOCAL DATA ELEMENT F, LDF (RLIN)
a 7
b cbc
c orignew
d 3
e ncip
f 19
g y-gencatlg
942 ## - ADDED ENTRY ELEMENTS (KOHA)
Source of classification or shelving scheme Dewey Decimal Classification
Koha item type Books
Holdings
Withdrawn status Lost status Source of classification or shelving scheme Damaged status Not for loan Collection code Home library Current library Shelving location Date acquired Source of acquisition Total Checkouts Full call number Barcode Date last seen Copy number Price effective from Koha item type
    Dewey Decimal Classification     Non-fiction Asiatic Society Library Asiatic Society Library General Stacks 01/07/2021 ASB Collection   297.0925 MUS 103847 01/07/2021 C-1 01/07/2021 Books

Powered by Koha